A description of what happens when an examinee takes a multiple choice reading comprehension test (Record no. 65798)

MARC details
000 -CABECERA
campo de control de longitud fija 00783nam a2200265 a 4500
005 - FECHA Y HORA DE LA ÚLTIMA TRANSACCIÓN
campo de control 20210219153008.0
008 - ELEMENTOS DE LONGITUD FIJA--INFORMACIÓN GENERAL
campo de control de longitud fija 991125n 000 0 u
035 ## - NÚMERO DE CONTROL DEL SISTEMA
Número de control de sistema UPN01000071983
100 ## - ASIENTO PRINCIPAL--NOMBRE PERSONAL
Nombre de persona Farr, Roger
222 ## - TÍTULO CLAVE
Título clave JOURNAL OF EDUCATIONAL MEASUREMENT
245 ## - MENCIÓN DE TÍTULO
Título A description of what happens when an examinee takes a multiple choice reading comprehension test
300 ## - DESCRIPCIÓN FÍSICA
Extensión 209-226
362 ## - FECHAS DE PUBLICACIÓN Y/O DESIGNACIÓN SECUENCIAL
Fecha de publicación y/o designación secuencial 27, No. 3, 1990
505 ## - NOTA DE CONTENIDO CON FORMATO PREESTABLECIDO
Nota de contenido con formato Febrero 1991
653 0# - TERMINO DE INDIZACION - NO CONTROLADO
Término no controlado COLEGIO SUPERIOR
653 0# - TERMINO DE INDIZACION - NO CONTROLADO
Término no controlado PROCESOS COGNITIVOS
653 0# - TERMINO DE INDIZACION - NO CONTROLADO
Término no controlado PRUEBAS DE JUICIO
653 0# - TERMINO DE INDIZACION - NO CONTROLADO
Término no controlado PRUEBAS DE LECTURA
653 0# - TERMINO DE INDIZACION - NO CONTROLADO
Término no controlado PRUEBAS DE OPCION MULTIPLE
653 0# - TERMINO DE INDIZACION - NO CONTROLADO
Término no controlado PRUEBAS ESTANDARIZADAS
700 ## - ASIENTO SECUNDARIO--NOMBRE DE PERSONAL
Nombre de persona Pritchard, Robert
700 ## - ASIENTO SECUNDARIO--NOMBRE DE PERSONAL
Nombre de persona Smitten, Brian
904 ## - ELEMENTOS DE DATOS D LOCAL, LDD (RLIN)
a AC
b 009794
905 ## - TIPO DE MATERIAL
Tipo de material Articulo

No items available.